000
00316nam a22001337a 4500
008
260331b ||||| |||| 00| 0 eng d
020
_a
9789951322713
041
_a
shqip
080
_a
616.895
100
_a
25
101
_a
psiko
245
_a
Skizofrenia dhe përballimi i saj
_c
Skender Munishi
942
_2
udc
_c
BK
999
_c
60951
_d
60951